000 00346nam a2200157Ia 4500
003 OSt
005 20240210114722.0
008 170524s9999 xx 000 0 und d
020 _a978-0071333436
040 _cIIMT UNIVERSITY
100 _aSINHA AMIT
100 _c2012
245 0 _aSUPPLY CHAIN MANAGEMENT
260 _aTMH
942 _2ddc
_c01
999 _c2794
_d2794